=LDR 00000nam 2200000 4500 =001 NUTBA000000000004430 =005 20140912111405.0 =006 =007 =008 =020 ##$$a 978-979-053-015-7 =035 ##$$a 0010-091400000000463 =040 ##$$a NBPDMAT =082 ##$$a 641.303 =090 ##$$a 641.303 $b Agu m =100 ##$$a Agus Maryoto =245 ##$$a Manfaat serat bagi tubuh / $c Agus Maryoto =260 ##$$a Jakarta : $b Pamularsih, ( s.a ) =300 ##$$a iv, 60 hlm. : $b ilus. ; $c 21 cm. =500 ##$$a Bibliografi : hlm. 60 =650 ##$$a Makanan dan Kesehatan =850 ##$$a NBPDMAT =990 ##$$a 21408362